| 000 | 00687nam a22002417a 4500 | ||
|---|---|---|---|
| 005 | 20180829143257.0 | ||
| 008 | 180403b xxu||||| |||| 00| 0 spa d | ||
| 020 | _a9788415986522 | ||
| 041 | _aspa | ||
| 082 | _a658 G492o | ||
| 100 |
_aGiner de la Fuente, Fernando _946460 |
||
| 100 |
_aGil Estallo, María de los Ángeles _946461 |
||
| 245 | _aLa organización de empresas: hacia un modelo de futuro | ||
| 260 | _aEspaña | ||
| 260 | _bEsic | ||
| 260 | _c2014 | ||
| 300 | _a184 páginas | ||
| 650 |
_aADMINISTRACIÓN _9268 |
||
| 650 |
_aSOCIEDAD DEL CONOCIMIENTO _911133 |
||
| 650 |
_aDISEÑO DE LA ORGANIZACION _946462 |
||
| 650 |
_aMINTZBERG, HENRY _949519 |
||
| 942 | _cBK | ||
| 999 |
_c10522 _d10522 |
||